| Поле | Инд. | ПП | Название | Значение |
|---|---|---|---|---|
| Тип записи | a | |||
| Библиографический уровень | m | |||
| 001 | Контрольный номер | RU/IS/BASE/493385498 | ||
| 005 | Дата корректировки | 20230615120150.1 | ||
| 008 | Кодируемые данные | 20150820 | ||
| 020 | a | ISBN | 978-5-9950-0034-1 | |
| 040 | b | Код языка каталог. | rus | |
| e | Правила каталог. | PSBO | ||
| 041 | 0_ | a | Код языка текста | rus |
| 084 | a | Индекс другой классификации/Индекс ББК | 63.3(2)63-36; 63.3(7США)63-6; 63.3(2)63-6 | |
| 090 | a | Полочн. индекс | 63.3(2)63-36 | |
| x | Авторский знак | Л 80 | ||
| 100 | 1_ | a | Автор | Лота В. И. |
| q | Полное имя | Лота Владимир Иванович | ||
| 245 | 10 | a | Заглавие | Ключи от ада: Атомная эпопея тайного противоборства разведок великих держав |
| c | Ответственность | Союз ветеранов госбезопасности | ||
| 260 | a | Место издания | Москва | |
| b | Издательство | Кучково поле | ||
| c | Дата издания | 2009 | ||
| 300 | a | Объем | 496 с. | |
| b | Иллюстрации/ тип воспроизводства | ил. | ||
| 336 | a | Термин вида содержания | Текст | |
| 337 | a | Термин типа средства | непосредственный | |
| 440 | _0 | a | Серия | Тайны спецслужб |
| 504 | a | Библиография | Примеч.: с. 482-492 | |
| 600 | 34 | a | Персоналии | Коваль Жорж Абрамович |
| a | Персоналии | Паш Борис Федорович (Пашковский) | ||
| a | Персоналии | Эйнштейн Альберт | ||
| a | Персоналии | Фукс Клаус | ||
| a | Персоналии | Кремер Семен Давыдович | ||
| a | Персоналии | Черняк Ян Петрович | ||
| a | Персоналии | Мэй Аллан Нанн | ||
| a | Персоналии | Гейзенберг Вернер | ||
| a | Персоналии | Фитин Павел Михайлович | ||
| a | Персоналии | Ильичев Иван Иванович | ||
| a | Персоналии | Судоплатов Павел Анатольевич | ||
| a | Персоналии | Оппенгеймер Роберт | ||
| a | Персоналии | Теллер Эдвард | ||
| a | Персоналии | Курчатов Игорь Васильевич | ||
| a | Персоналии | Сахаров Андрей Дмитриевич | ||
| a | Персоналии | Адамс Артур Александрович | ||
| a | Персоналии | Ангелов Павел Никитович | ||
| a | Персоналии | Барковский Владимир Борисович | ||
| a | Персоналии | Горский Александр Васильевич | ||
| a | Персоналии | Заботин Николай Иванович | ||
| a | Персоналии | Квасников Леонид Романович | ||
| a | Персоналии | Кучински Урсула | ||
| a | Персоналии | Яцков Анатолий Анатольевич | ||
| a | Персоналии | Овакимян Гайк Бадалович | ||
| a | Персоналии | Радо Шандор | ||
| a | Персоналии | Феклисов Александр Семенович | ||
| a | Персоналии | Сергеев Лев Александрович | ||
| a | Персоналии | Махнев Василий Алексеевич | ||
| 650 | 14 | a | Основная рубрика | история |
| 653 | 1_ | a | Ключевые слова | "атомная дипломатия" |
| a | Ключевые слова | XXI век | ||
| a | Ключевые слова | Атомный проект СССР | ||
| a | Ключевые слова | внешняя политика | ||
| a | Ключевые слова | Вторая мировая война 1939-1945 | ||
| a | Ключевые слова | гонка вооружений | ||
| a | Ключевые слова | история дипломатии | ||
| a | Ключевые слова | контрразведка | ||
| a | Ключевые слова | международные отношения | ||
| a | Ключевые слова | новейшее время | ||
| a | Ключевые слова | разведка | ||
| a | Ключевые слова | СССР | ||
| a | Ключевые слова | США | ||
| a | Ключевые слова | уран | ||
| a | Ключевые слова | холодная война | ||
| a | Ключевые слова | шпионаж | ||
| a | Ключевые слова | ядерное оружие (атомное оружие) | ||
| 720 | a | Наименование подборки | К юбилею А. Д. Сахарова | |
| e | Признак/вид подборки | Тематические подборки | ||
| 900 | a | Имя электронного ресурса | obl_Lota_KoA | |
| x | Справочная информация | Обложка | ||
| 901 | t | Тип документа | m | |
| 952 | a | Тип литературы для КСУ ВШ | НПИ |